[Event "11. Europa ch 2010 Femenino"]
[Site "Rijeka CRO"]
[Date "2010.03.15"]
[Round "9.34"]
[White "Milliet, Sophie"]
[Black "Medic, Mirjana"]
[Result "0-1"]
[WhiteElo "2391"]
[BlackElo "2279"]
[PlyCount "158"]
[EventDate "2010.03.06"]
[EventType "swiss"]
[EventRounds "11"]
[EventCountry "CRO"]
[Source "lmi"]
[SourceDate "2010.03.06"]

1. e4 e6 2. d4 d5 3. e5 c5 4. c3 Nc6 5. Nf3 Qb6 6. a3 c4 7. Nbd2 f6 8. Be2 fxe5
9. Nxe5 Nxe5 10. dxe5 Bc5 11. O-O Ne7 12. b4 cxb3 13. Nxb3 O-O 14. Nxc5 Qxc5
15. Qd4 Qc7 16. f4 Bd7 17. a4 Nf5 18. Qd3 Rac8 19. Bd2 Bc6 20. h3 a6 21. g4 Ne7
22. Be3 Ng6 23. Qd2 Rf7 24. Qd4 Rcf8 25. Bd3 Nh4 26. Rf2 Re8 27. Raf1 b5 28. a5
Bb7 29. f5 h6 30. fxe6 Rxf2 31. Rxf2 Rxe6 32. Qf4 Re8 33. Bd4 Bc8 34. g5 hxg5
35. Qxg5 Qe7 36. Qg3 Rf8 37. Rxf8+ Kxf8 38. Qf4+ Ke8 39. Kh2 g5 40. Qg3 Qf7 41.
Be2 Nf5 42. Qf2 Be6 43. Bb6 Qg7 44. Bh5+ Kd7 45. Qe2 Ne7 46. Bg4 Qg6 47. Bf3
Qf5 48. Bg2 Qf4+ 49. Kg1 Qc1+ 50. Qf1 Qxc3 51. Qf8 Qc8 52. Qf6 Qc1+ 53. Bf1
Bxh3 54. e6+ Kc6 55. Bd8 Qxf1+ 56. Qxf1 Bxf1 57. Bxe7 Bh3 58. Bxg5 Bxe6 59. Be7
d4 60. Kf2 Kd5 61. Ke2 Kc4 62. Kd2 Bf5 63. Kc1 Kc3 64. Bg5 b4 65. Bd2+ Kb3 66.
Be1 Ka4 67. Kb2 Be6 68. Kc2 Bc4 69. Bf2 d3+ 70. Kc1 Kxa5 71. Be1 Kb5 72. Kb2 a5
73. Bd2 a4 74. Ka1 a3 75. Bc1 Ka4 76. Bd2 b3 77. Kb1 b2 78. Bc3 Kb3 79. Bxb2
a2+ 0-1

[Event "11. Europa ch 2010 Femenino"]
[Site "Rijeka CRO"]
[Date "2010.03.15"]
[Round "9.35"]
[White "Zdebskaja, Natalia"]
[Black "Mamedjarova, Turkan"]
[Result "1-0"]
[WhiteElo "2390"]
[BlackElo "2269"]
[PlyCount "65"]
[EventDate "2010.03.06"]
[EventType "swiss"]
[EventRounds "11"]
[EventCountry "CRO"]
[Source "lmi"]
[SourceDate "2010.03.06"]

1. e4 e5 2. Nf3 Nc6 3. Bb5 a6 4. Ba4 Nf6 5. O-O b5 6. Bb3 Be7 7. Re1 d6 8. c3
O-O 9. h3 Na5 10. Bc2 c5 11. d4 Qc7 12. Nbd2 cxd4 13. cxd4 Nc6 14. Nb3 a5 15.
Be3 a4 16. Nbd2 Nb4 17. Bb1 Bd7 18. a3 Nc6 19. Bd3 Qb7 20. Qe2 b4 21. Rac1 g6
22. dxe5 dxe5 23. Nc4 Be6 24. axb4 Nxb4 25. Nfxe5 Nxd3 26. Qxd3 Rfd8 27. Qe2
Nxe4 28. Bb6 Bf5 29. Bxd8 Rxd8 30. Na5 Qd5 31. Nac6 Bh4 32. Nf3 Bf6 33. Red1
1-0

[Event "11. Europa ch 2010 Femenino"]
[Site "Rijeka CRO"]
[Date "2010.03.15"]
[Round "9.38"]
[White "Motoc, Alina"]
[Black "Lomako, Anna"]
[Result "0-1"]
[WhiteElo "2348"]
[BlackElo "2258"]
[PlyCount "112"]
[EventDate "2010.03.06"]
[EventType "swiss"]
[EventRounds "11"]
[EventCountry "CRO"]
[Source "lmi"]
[SourceDate "2010.03.06"]

1. d4 d5 2. c4 e6 3. Nf3 Nf6 4. Bg5 Nbd7 5. cxd5 exd5 6. Nc3 Be7 7. e3 c6 8.
Bd3 Nh5 9. Bxe7 Qxe7 10. O-O O-O 11. Re1 Ndf6 12. Ne5 g6 13. e4 dxe4 14. Nxe4
Nf4 15. Ng5 Nxd3 16. Qxd3 Bf5 17. Qf3 Rae8 18. h4 h6 19. Nh3 Nd5 20. g4 Bc8 21.
Qg3 Qb4 22. Qd3 Qd6 23. f4 h5 24. Ng5 Bxg4 25. Nexf7 Rxe1+ 26. Rxe1 Rxf7 27.
Nxf7 Kxf7 28. Qe4 Qe6 29. Qe5 Qxe5 30. fxe5 Ke6 31. Kf2 Ne7 32. Re3 Nf5 33. Ra3
a6 34. Rb3 b5 35. Ra3 Nxd4 36. Rxa6 Kxe5 37. b3 b4 38. Rb6 c5 39. Rxg6 Nf5 40.
Ra6 Nxh4 41. a4 bxa3 42. Rxa3 Nf5 43. Ra5 Kd4 44. Ra4+ Kd5 45. b4 c4 46. Ra7
Nd6 47. Ke3 Nb5 48. Rb7 Kc6 49. Rg7 c3 50. Rg5 Bd1 51. Rc5+ Kb6 52. Ke4 c2 53.
Ke3 Nd6 54. Kd3 h4 55. Kd4 h3 56. Kd5 h2 0-1

[Event "11. Europa ch 2010 Femenino"]
[Site "Rijeka CRO"]
[Date "2010.03.15"]
[Round "9.39"]
[White "Butuc, Maria"]
[Black "Tsatsalashvili, Ketevan"]
[Result "1-0"]
[WhiteElo "2194"]
[BlackElo "2326"]
[PlyCount "99"]
[EventDate "2010.03.06"]
[EventType "swiss"]
[EventRounds "11"]
[EventCountry "CRO"]
[Source "lmi"]
[SourceDate "2010.03.06"]

1. e4 c5 2. Nf3 d6 3. d4 cxd4 4. Nxd4 Nf6 5. f3 Nc6 6. c4 Qb6 7. Nc2 g6 8. Nc3
Bg7 9. Nb5 O-O 10. Be3 Qa5+ 11. Qd2 Qxd2+ 12. Bxd2 Be6 13. Be2 Rfc8 14. Rc1 a6
15. Nbd4 Nd7 16. Nxe6 fxe6 17. b3 Nc5 18. O-O Bd4+ 19. Kh1 a5 20. Rfd1 e5 21.
g3 Rf8 22. Rf1 Kg7 23. Kg2 h6 24. h4 Rf6 25. Rcd1 Raf8 26. Ne3 Bxe3 27. Bxe3
Ne6 28. Rd2 g5 29. hxg5 hxg5 30. c5 Ncd4 31. cxd6 exd6 32. Bc4 Rh8 33. Bxe6
Rfh6 34. Rxd4 Rh2+ 35. Kg1 Rh1+ 36. Kf2 R8h2+ 37. Ke1 exd4 38. Bxd4+ Kf8 39.
Rxh1 Rxh1+ 40. Ke2 Rh2+ 41. Bf2 Ke7 42. Bc4 Kd7 43. a4 Rh8 44. f4 gxf4 45. gxf4
Ke7 46. Kf3 Kd7 47. e5 dxe5 48. fxe5 Rh2 49. e6+ Ke8 50. Bc5 1-0

[Event "11. Europa ch 2010 Femenino"]
[Site "Rijeka CRO"]
[Date "2010.03.15"]
[Round "9.40"]
[White "Paikidze, Nazi"]
[Black "Sikorova, Olga"]
[Result "0-1"]
[WhiteElo "2322"]
[BlackElo "2256"]
[PlyCount "94"]
[EventDate "2010.03.06"]
[EventType "swiss"]
[EventRounds "11"]
[EventCountry "CRO"]
[Source "lmi"]
[SourceDate "2010.03.06"]

1. d4 Nf6 2. c4 c5 3. d5 e6 4. Nc3 exd5 5. cxd5 d6 6. Nf3 g6 7. Bf4 Bg7 8. e3
O-O 9. Be2 Bg4 10. O-O Na6 11. h3 Bxf3 12. Bxf3 Nc7 13. a4 a6 14. Qb3 Rb8 15.
a5 Qe7 16. Rad1 Nd7 17. Na4 b5 18. axb6 Nb5 19. Qc2 Nxb6 20. Nc3 Nc4 21. Na4
Nb6 22. Rb1 Nxa4 23. Qxa4 Rb6 24. Be2 Rfb8 25. Bxb5 axb5 26. Qc2 Ra6 27. e4
Rba8 28. Rfe1 Ra2 29. Qb3 Qd7 30. e5 dxe5 31. Bxe5 Bxe5 32. Rxe5 Ra1 33. Rxa1
Rxa1+ 34. Kh2 Qd6 35. f4 Ra4 36. Re8+ Kg7 37. Qc3+ Rd4 38. Re4 Qxd5 39. Re5 Qd6
40. Qe3 h6 41. h4 Qf6 42. g3 Qd6 43. Qc3 b4 44. Qxc5 Rd2+ 45. Kh3 Qd3 46. Qc1
Rd1 47. Qc6 Rg1 0-1

[Event "11. Europa ch 2010 Femenino"]
[Site "Rijeka CRO"]
[Date "2010.03.15"]
[Round "9.41"]
[White "Vega Gutierrez, Sabrina"]
[Black "Fakhiridou, Ekaterini"]
[Result "1/2-1/2"]
[WhiteElo "2314"]
[BlackElo "2252"]
[PlyCount "93"]
[EventDate "2010.03.06"]
[EventType "swiss"]
[EventRounds "11"]
[EventCountry "CRO"]
[Source "lmi"]
[SourceDate "2010.03.06"]

1. e4 c5 2. d3 Nc6 3. g3 g6 4. Bg2 Bg7 5. f4 d6 6. Nf3 b6 7. O-O Bb7 8. c3 Qd7
9. Na3 Rd8 10. Nc4 Nh6 11. f5 O-O 12. Nh4 Ne5 13. h3 Qe8 14. Be3 Nxc4 15. dxc4
f6 16. Bxh6 Bxh6 17. Qg4 Bg5 18. a4 a5 19. Rfe1 Bxh4 20. gxh4 Kh8 21. Kh2 gxf5
22. exf5 Rg8 23. Bxb7 Rxg4 24. hxg4 Qf8 25. Bd5 Qh6 26. Kh3 Qd2 27. Rxe7 h5 28.
Rg1 Qf4 29. gxh5 Qxf5+ 30. Rg4 Qf1+ 31. Kh2 Qf2+ 32. Kh3 Qf1+ 33. Bg2 Qf5 34.
h6 Rg8 35. Reg7 Re8 36. Kh2 Qf4+ 37. Kh3 Qe3+ 38. Rg3 Qxh6 39. R7g6 Qf4 40. Bf3
Re3 41. Kg2 Re7 42. Rg8+ Kh7 43. R8g4 Qd2+ 44. Kh3 Qe1 45. Rg1 Qf2 46. R1g3 Qe1
47. Rg1 1/2-1/2

[Event "11. Europa ch 2010 Femenino"]
[Site "Rijeka CRO"]
[Date "2010.03.15"]
[Round "9.43"]
[White "Kadziolka, Beata"]
[Black "Franciskovic, Borka"]
[Result "0-1"]
[WhiteElo "2311"]
[BlackElo "2245"]
[PlyCount "56"]
[EventDate "2010.03.06"]
[EventType "swiss"]
[EventRounds "11"]
[EventCountry "CRO"]
[Source "lmi"]
[SourceDate "2010.03.06"]

1. d4 Nf6 2. c4 e6 3. Nf3 Bb4+ 4. Nbd2 b6 5. e3 Bb7 6. Bd3 O-O 7. O-O d5 8. a3
Be7 9. b4 c5 10. bxc5 bxc5 11. Rb1 dxc4 12. Bxh7+ Nxh7 13. Rxb7 c3 14. Nb1 Nc6
15. Nxc3 Qc8 16. Rb1 Rd8 17. Ne2 e5 18. Qa4 cxd4 19. exd4 Nxd4 20. Nexd4 exd4
21. Nxd4 Qg4 22. Be3 Ng5 23. f4 Bc5 24. Nc2 Rd2 25. Qc6 Rc8 26. Qb7 Rxc2 27.
Bxc5 Nh3+ 28. Kh1 R8xc5 0-1

[Event "11. Europa ch 2010 Femenino"]
[Site "Rijeka CRO"]
[Date "2010.03.15"]
[Round "9.44"]
[White "Mammadova, Gulnar"]
[Black "Mrvova, Alena"]
[Result "0-1"]
[WhiteElo "2299"]
[BlackElo "2239"]
[PlyCount "176"]
[EventDate "2010.03.06"]
[EventType "swiss"]
[EventRounds "11"]
[EventCountry "CRO"]
[Source "lmi"]
[SourceDate "2010.03.06"]

1. e4 c5 2. Nc3 Nc6 3. f4 d6 4. g3 g6 5. Bg2 Bg7 6. d3 e6 7. Nge2 Nge7 8. O-O
O-O 9. Be3 b6 10. Qd2 Bb7 11. Rad1 Nd4 12. Bxd4 cxd4 13. Nb5 e5 14. Qb4 Nc8 15.
Bh3 Ba6 16. a4 Bxb5 17. axb5 Qc7 18. c3 dxc3 19. bxc3 exf4 20. Rxf4 Qc5+ 21.
Qxc5 dxc5 22. d4 cxd4 23. Nxd4 Nd6 24. Ne6 Nxb5 25. Nxf8 Nxc3 26. Re1 Bxf8 27.
Kg2 Rd8 28. Ref1 Nd1 29. Kh1 Ne3 30. Re1 Bc5 31. e5 g5 32. Re4 Nd1 33. R4e2
Nf2+ 34. Kg2 g4 35. Bxg4 Nxg4 36. Kf3 h5 37. h3 Nh6 38. Kf4 Kg7 39. g4 hxg4 40.
hxg4 Ng8 41. e6 fxe6 42. Rxe6 a5 43. Ra1 Nf6 44. g5 Nd5+ 45. Kf3 Ne7 46. Rae1
Nf5 47. Kg4 Nd4 48. Rh6 Nc2 49. Ree6 Ne3+ 50. Kh5 Nd5 51. Reg6+ Kf7 52. Rh7+
Ke8 53. Rg8+ Bf8 54. Ra7 Ne7 55. Rh8 Kf7 56. Rh7+ Ke6 57. Rb7 Nd5 58. Rhf7 Bc5
59. g6 Nf6+ 60. Kh4 Rd3 61. g7 Bf2+ 62. Kg5 Rg3+ 63. Kf4 Nh5+ 64. Ke4 Bc5 65.
Rf3 Rg4+ 66. Kd3 Nxg7 67. Rf1 Nf5 68. Rb1 Nd6 69. R7xb6 Bxb6 70. Rxb6 Kd5 71.
Kc3 Kc5 72. Rb8 Rg3+ 73. Kb2 Nb5 74. Rh8 Rg2+ 75. Kb3 Rg3+ 76. Kb2 Kc4 77. Rh4+
Nd4 78. Rh8 Rg2+ 79. Kb1 a4 80. Rh3 Nb5 81. Ka1 Rc2 82. Rg3 Rc3 83. Rg8 Kb3 84.
Rg1 Nd4 85. Rb1+ Ka3 86. Rh1 Rc2 87. Kb1 Rb2+ 88. Ka1 Nb3# 0-1

[Event "11. Europa ch 2010 Femenino"]
[Site "Rijeka CRO"]
[Date "2010.03.15"]
[Round "9.45"]
[White "Calzetta Ruiz, Monica"]
[Black "Papadopoulou, Vera"]
[Result "1/2-1/2"]
[WhiteElo "2296"]
[BlackElo "2228"]
[PlyCount "83"]
[EventDate "2010.03.06"]
[EventType "swiss"]
[EventRounds "11"]
[EventCountry "CRO"]
[Source "lmi"]
[SourceDate "2010.03.06"]

1. e4 c5 2. Nc3 d6 3. f4 g6 4. Nf3 Bg7 5. Bc4 e6 6. O-O Ne7 7. f5 O-O 8. fxe6
Bxe6 9. Bxe6 fxe6 10. Ng5 Qd7 11. Rxf8+ Bxf8 12. Qg4 Nbc6 13. Qh3 h5 14. d3 Nd4
15. Bd2 Rc8 16. Rf1 Bh6 17. Rf2 e5 18. Qg3 Qg4 19. Qxg4 hxg4 20. Nd1 Rf8 21. c3
Rxf2 22. Nxf2 Ne2+ 23. Kf1 Nf4 24. Ne6 Nxe6 25. Bxh6 g5 26. Nxg4 Kh7 27. h4
gxh4 28. Be3 Kg6 29. Bf2 Kh5 30. Nf6+ Kg5 31. Ne8 d5 32. Nd6 b6 33. exd5 Nxd5
34. Nc4 Ndf4 35. Nxe5 Kf5 36. d4 cxd4 37. cxd4 h3 38. gxh3 Nxh3 39. Nc6 Ke4 40.
Bg3 a5 41. Ke2 Kd5 42. Ne7+ 1/2-1/2

[Event "11. Europa ch 2010 Femenino"]
[Site "Rijeka CRO"]
[Date "2010.03.15"]
[Round "9.46"]
[White "Kursova, Maria"]
[Black "Gromova, Iulia"]
[Result "1/2-1/2"]
[WhiteElo "2296"]
[BlackElo "2226"]
[PlyCount "105"]
[EventDate "2010.03.06"]
[EventType "swiss"]
[EventRounds "11"]
[EventCountry "CRO"]
[Source "lmi"]
[SourceDate "2010.03.06"]

1. d4 Nf6 2. Nf3 g6 3. c4 Bg7 4. g3 c6 5. Nc3 d5 6. Qb3 O-O 7. Bg2 dxc4 8. Qxc4
Bf5 9. O-O Nbd7 10. Bf4 Ne4 11. Rad1 Nxc3 12. bxc3 Be4 13. Bh3 Bxf3 14. exf3 e6
15. Rb1 Nb6 16. Qe2 Nd5 17. Bd2 b5 18. a4 bxa4 19. Qc4 Qa5 20. Rfc1 Rac8 21.
Qa2 c5 22. dxc5 Rxc5 23. c4 Nc3 24. Bxc3 Bxc3 25. Rb5 Rxb5 26. cxb5 a3 27. Bf1
Bb2 28. Rc2 Qe1 29. Kg2 Rd8 30. Bc4 Rd1 31. Qb3 h5 32. Kh3 Qe5 33. Rxb2 axb2
34. Qxd1 Qf5+ 35. g4 hxg4+ 36. fxg4 Qxf2 37. Bd3 Qd4 38. Qc2 e5 39. Be4 Kg7 40.
Kg2 Qb4 41. Qd3 Qe1 42. h3 Kh6 43. Kf3 Qh1+ 44. Ke2 Qh2+ 45. Kd1 Kg5 46. Qd2+
Qxd2+ 47. Kxd2 Kh4 48. Kc2 Kxh3 49. g5 Kg4 50. Bd5 Kxg5 51. Bxf7 Kf6 52. Bd5
Ke7 53. Kxb2 1/2-1/2

[Event "11. Europa ch 2010 Femenino"]
[Site "Rijeka CRO"]
[Date "2010.03.15"]
[Round "9.48"]
[White "Arabidze, Meri"]
[Black "Djukic, Sandra"]
[Result "1-0"]
[WhiteElo "2292"]
[BlackElo "2214"]
[PlyCount "73"]
[EventDate "2010.03.06"]
[EventType "swiss"]
[EventRounds "11"]
[EventCountry "CRO"]
[Source "lmi"]
[SourceDate "2010.03.06"]

1. d4 c5 2. d5 Nf6 3. Nf3 d6 4. Nc3 g6 5. e4 Bg7 6. Be2 O-O 7. O-O Nbd7 8. a4
a6 9. h3 b6 10. Re1 Bb7 11. Bf4 Ne8 12. Bc4 f6 13. Qd2 Kh8 14. Ra3 Ne5 15. Be2
Bc8 16. Rb1 a5 17. Nh2 Nf7 18. Re1 Nc7 19. Bg3 f5 20. exf5 gxf5 21. Bf4 Bb7 22.
Rb3 Ne5 23. Nf3 Ng6 24. Bh6 Bxh6 25. Qxh6 Nxd5 26. Ng5 Nf6 27. Ne6 Rg8 28. Nxd8
Raxd8 29. Bf1 Ne5 30. Rxe5 dxe5 31. Rxb6 Bxg2 32. Bxg2 Rg6 33. Qe3 f4 34. Qf3
Rdg8 35. Kf1 e4 36. Qxf4 Rxg2 37. Nxe4 1-0

[Event "11. Europa ch 2010 Femenino"]
[Site "Rijeka CRO"]
[Date "2010.03.15"]
[Round "9.49"]
[White "Lomineishvili, Maia"]
[Black "Kouvatsou, Maria"]
[Result "1-0"]
[WhiteElo "2385"]
[BlackElo "2161"]
[PlyCount "53"]
[EventDate "2010.03.06"]
[EventType "swiss"]
[EventRounds "11"]
[EventCountry "CRO"]
[Source "lmi"]
[SourceDate "2010.03.06"]

1. d4 g6 2. e4 d6 3. Nc3 Bg7 4. g3 Nd7 5. Bg2 e5 6. Nge2 Ne7 7. Be3 O-O 8. Qd2
f5 9. O-O-O Nb6 10. b3 a5 11. dxe5 Bxe5 12. f4 Bg7 13. Bxb6 cxb6 14. e5 Nc6 15.
Qxd6 Qxd6 16. Rxd6 b5 17. Nxb5 a4 18. Nec3 axb3 19. cxb3 g5 20. Rhd1 gxf4 21.
gxf4 Nb4 22. a3 Na6 23. b4 h5 24. Nd5 Kh7 25. e6 Rb8 26. e7 Re8 27. Re1 1-0

[Event "11. Europa ch 2010 Femenino"]
[Site "Rijeka CRO"]
[Date "2010.03.15"]
[Round "9.50"]
[White "Severiukhina, Zoja"]
[Black "Shaidullina, Sandugach"]
[Result "1/2-1/2"]
[WhiteElo "2355"]
[BlackElo "2218"]
[PlyCount "133"]
[EventDate "2010.03.06"]
[EventType "swiss"]
[EventRounds "11"]
[EventCountry "CRO"]
[Source "lmi"]
[SourceDate "2010.03.06"]

1. e4 c5 2. Nf3 d6 3. d4 cxd4 4. Nxd4 Nf6 5. Nc3 Nc6 6. Bg5 Bd7 7. Qd2 h6 8.
Bxf6 gxf6 9. O-O-O h5 10. f4 Rc8 11. Kb1 Nxd4 12. Qxd4 Qa5 13. Be2 Qc5 14. Qd2
f5 15. e5 e6 16. Bf3 Bc6 17. exd6 Kd7 18. Qe2 Bg7 19. Rd3 Qb4 20. a3 Qxf4 21.
Bxh5 Qe5 22. Re3 Qf6 23. Bf3 f4 24. Bxc6+ Rxc6 25. Qb5 Rb8 26. Rd3 a6 27. Qb4
b5 28. Rf1 Rc4 29. Qa5 Rc6 30. g3 Bh6 31. gxf4 Qf5 32. a4 bxa4 33. Qxa4 Bg7 34.
Re1 Qc5 35. Ree3 Rb4 36. Qa3 Bd4 37. Rg3 Qc4 38. f5 e5 39. Qa2 e4 40. Qxc4
Rcxc4 41. Nxe4 Rxb2+ 42. Kc1 Rcxc2+ 43. Kd1 Rxh2 44. Rd2 Rh1+ 45. Ke2 Rh2+ 46.
Kd3 Rbxd2+ 47. Nxd2 Be5 48. Rg4 Bxd6 49. Ne4 Rh3+ 50. Ke2 Rh8 51. Rg7 Rf8 52.
Rh7 a5 53. Rh6 Bb4 54. Ra6 Re8 55. Kf3 Rc8 56. Nf6+ Kd8 57. Nd5 Rc1 58. Ke4
Re1+ 59. Kd4 Kd7 60. Ra7+ Kd6 61. Ra6+ Kd7 62. Ra7+ Kc6 63. Nxb4+ axb4 64. Rxf7
Rc1 65. Rf8 Rf1 66. Rb8 Rxf5 67. Rxb4 1/2-1/2

[Event "11. Europa ch 2010 Femenino"]
[Site "Rijeka CRO"]
[Date "2010.03.15"]
[Round "9.51"]
[White "Kachiani Gersinska, Ketino"]
[Black "Kazimova, Narmin Nizami Qizi"]
[Result "0-1"]
[WhiteElo "2346"]
[BlackElo "2212"]
[PlyCount "90"]
[EventDate "2010.03.06"]
[EventType "swiss"]
[EventRounds "11"]
[EventCountry "CRO"]
[Source "lmi"]
[SourceDate "2010.03.06"]

1. d4 Nf6 2. c4 e6 3. g3 d5 4. Nf3 dxc4 5. Bg2 a6 6. O-O Nc6 7. e3 Bd7 8. Qe2
b5 9. e4 Be7 10. Rd1 O-O 11. Bf4 h6 12. h3 Re8 13. Nc3 Rb8 14. g4 Nb4 15. Ne1
Bc8 16. a3 Nc6 17. Qe3 Bb7 18. Qg3 Rc8 19. Nc2 Na5 20. Bf3 Nh7 21. d5 Bh4 22.
Qh2 Qf6 23. e5 Qe7 24. Nd4 Rcd8 25. Bg2 Ba8 26. Be3 Nb3 27. Nxb3 cxb3 28. d6
cxd6 29. exd6 Qd7 30. Ne4 Bxe4 31. Bxe4 Nf6 32. Bf3 e5 33. Rac1 e4 34. Be2 Bg5
35. Bxg5 hxg5 36. Rc5 Re6 37. Rc7 Qe8 38. Qg3 e3 39. f3 Qf8 40. Rc6 Ne8 41.
Rxa6 Nxd6 42. Qe1 Qe7 43. Qb4 Qf6 44. Kg2 Qxb2 45. Kf1 Qe5 0-1

[Event "11. Europa ch 2010 Femenino"]
[Site "Rijeka CRO"]
[Date "2010.03.15"]
[Round "9.52"]
[White "Danelia, Mariam"]
[Black "Cherednichenko, Svetlana"]
[Result "1-0"]
[WhiteElo "2199"]
[BlackElo "2337"]
[PlyCount "93"]
[EventDate "2010.03.06"]
[EventType "swiss"]
[EventRounds "11"]
[EventCountry "CRO"]
[Source "lmi"]
[SourceDate "2010.03.06"]

1. d4 Nf6 2. c4 g6 3. Nc3 Bg7 4. e4 d6 5. f3 O-O 6. Be3 e5 7. d5 Nh5 8. Qd2 f5
9. O-O-O a6 10. Bd3 c6 11. Nge2 cxd5 12. Nxd5 Nc6 13. Bg5 Qa5 14. Qxa5 Nxa5 15.
Nb6 Rb8 16. Be7 Rf6 17. Bxf6 Nxf6 18. exf5 gxf5 19. b4 Nc6 20. Nxc8 Rxc8 21.
Bxf5 Rd8 22. a3 Kf7 23. Kb1 Ne7 24. Bc2 h6 25. g4 Ne8 26. Ng3 b5 27. cxb5 axb5
28. Bb3+ d5 29. Nf5 Nc7 30. Ne3 Kf8 31. Rhf1 d4 32. Ka2 Ra8 33. Nf5 Ned5 34.
Bxd5 Nxd5 35. Kb3 Nc3 36. Rc1 Ra6 37. Nxg7 Kxg7 38. Rxc3 dxc3 39. Rc1 e4 40.
Rxc3 exf3 41. Rxf3 Re6 42. a4 bxa4+ 43. Kxa4 Kg6 44. h3 Kg5 45. b5 Kh4 46. Ka5
Re1 47. b6 1-0

[Event "11. Europa ch 2010 Femenino"]
[Site "Rijeka CRO"]
[Date "2010.03.15"]
[Round "9.53"]
[White "Kopinits, Anna Christina"]
[Black "Paulet, Iosefina"]
[Result "1-0"]
[WhiteElo "2183"]
[BlackElo "2303"]
[PlyCount "143"]
[EventDate "2010.03.06"]
[EventType "swiss"]
[EventRounds "11"]
[EventCountry "CRO"]
[Source "lmi"]
[SourceDate "2010.03.06"]

1. e4 c5 2. Nf3 d6 3. d4 cxd4 4. Nxd4 Nf6 5. Nc3 a6 6. Be2 e5 7. Nb3 Be7 8. O-O
O-O 9. Kh1 b5 10. a4 b4 11. Nd5 Bb7 12. Nxe7+ Qxe7 13. f3 Qc7 14. Bg5 Nbd7 15.
c3 bxc3 16. Rc1 d5 17. Rxc3 Qb6 18. exd5 Nxd5 19. Rd3 N7f6 20. a5 Qb4 21. Qd2
Qxd2 22. Rxd2 Rfc8 23. Kg1 Rc7 24. Rc1 Rxc1+ 25. Nxc1 Rc8 26. Nb3 Kf8 27. Bd3
Ke7 28. Bxa6 Bxa6 29. Rxd5 Bc4 30. Rxe5+ Kd6 31. Bxf6 gxf6 32. Re3 Kd5 33. Nd2
Ba6 34. Rc3 Rb8 35. Rb3 Rc8 36. Rb6 Bd3 37. Kf2 f5 38. Ke3 Bc2 39. Rb5+ Kc6 40.
Rb4 Re8+ 41. Kd4 Rd8+ 42. Kc3 Bd1 43. Rb6+ Kd5 44. Rb5+ Ke6 45. b4 Be2 46. Rb6+
Ke5 47. Nb3 f4 48. a6 Bf1 49. Na5 Rc8+ 50. Nc6+ Kd6 51. a7 Bxg2 52. Rb8 Rxc6+
53. Kd3 Ra6 54. a8=Q Rxa8 55. Rxa8 Bxf3 56. Ra6+ Ke5 57. Ra5+ Bd5 58. b5 Kd6
59. Kd4 Bb7 60. Ra2 h5 61. h4 f6 62. Rc2 f3 63. Ke3 f5 64. b6 Bc6 65. Rc1 Kd7
66. Rc2 Kd6 67. Kf4 Be4 68. Rb2 Kc5 69. b7 f2 70. b8=Q f1=Q+ 71. Ke5 Qa6 72.
Qb4+ 1-0

[Event "11. Europa ch 2010 Femenino"]
[Site "Rijeka CRO"]
[Date "2010.03.15"]
[Round "9.54"]
[White "Aginian, Nelly"]
[Black "Baciu, Diana"]
[Result "1-0"]
[WhiteElo "2296"]
[BlackElo "2146"]
[PlyCount "71"]
[EventDate "2010.03.06"]
[EventType "swiss"]
[EventRounds "11"]
[EventCountry "CRO"]
[Source "lmi"]
[SourceDate "2010.03.06"]

1. e4 e6 2. d4 d5 3. exd5 exd5 4. c4 Bb4+ 5. Nc3 Nf6 6. Bd3 O-O 7. Nf3 dxc4 8.
Bxc4 Nc6 9. O-O Bg4 10. Be3 Qd7 11. Be2 Rfe8 12. h3 Bh5 13. a3 Bf8 14. d5 Ne5
15. Nxe5 Rxe5 16. g4 Bg6 17. Bb5 Qd8 18. Bd4 Re7 19. f4 a6 20. Bc4 Be4 21. Be5
h6 22. Re1 Bh7 23. Qf3 Nd7 24. b4 Re8 25. Re2 Nb6 26. Bb3 Bd6 27. Rae1 Qd7 28.
Ne4 Bxe4 29. Rxe4 Nc8 30. Qc3 f5 31. gxf5 Qxf5 32. Bc2 Qf7 33. Qd3 Ne7 34. Bxd6
cxd6 35. Rxe7 Rxe7 36. Qh7+ 1-0

[Event "11. Europa ch 2010 Femenino"]
[Site "Rijeka CRO"]
[Date "2010.03.15"]
[Round "9.55"]
[White "Semenova, Irina"]
[Black "Videnova, Iva"]
[Result "1/2-1/2"]
[WhiteElo "2272"]
[BlackElo "2258"]
[PlyCount "72"]
[EventDate "2010.03.06"]
[EventType "swiss"]
[EventRounds "11"]
[EventCountry "CRO"]
[Source "lmi"]
[SourceDate "2010.03.06"]

1. e4 c5 2. Nf3 g6 3. d4 Bg7 4. c4 Qa5+ 5. Bd2 Qb6 6. Bc3 Nc6 7. dxc5 Bxc3+ 8.
Nxc3 Qxb2 9. Nd5 Kf8 10. Qc1 Qxc1+ 11. Rxc1 e6 12. Nc7 Rb8 13. Nb5 b6 14. cxb6
axb6 15. Bd3 Ke7 16. e5 f6 17. exf6+ Nxf6 18. O-O Ba6 19. Rfe1 Nb4 20. Bb1 Bxb5
21. cxb5 Ra8 22. Nd4 Nfd5 23. g3 Nxa2 24. Rc4 Nac3 25. Bd3 Rac8 26. Rxc8 Rxc8
27. f4 Kd6 28. Ra1 Nb4 29. Bf1 Rc5 30. Ra7 Rd5 31. Nf3 Rd1 32. Ne5 Ke7 33. Kf2
Ne4+ 34. Ke2 Nc3+ 35. Kf2 Ne4+ 36. Ke2 Nc3+ 1/2-1/2

[Event "11. Europa ch 2010 Femenino"]
[Site "Rijeka CRO"]
[Date "2010.03.15"]
[Round "9.58"]
[White "Isgandarova, Khayala"]
[Black "Pavlidou, Ekaterini"]
[Result "0-1"]
[WhiteElo "2224"]
[BlackElo "2135"]
[PlyCount "72"]
[EventDate "2010.03.06"]
[EventType "swiss"]
[EventRounds "11"]
[EventCountry "CRO"]
[Source "lmi"]
[SourceDate "2010.03.06"]

1. e4 c5 2. Nc3 Nc6 3. g3 g6 4. d3 Bg7 5. Be3 d6 6. Qd2 Rb8 7. Bg2 b5 8. Nge2
Nd4 9. O-O b4 10. Nd1 Nxe2+ 11. Qxe2 a5 12. f4 Qc7 13. Qf2 Nf6 14. h3 O-O 15.
g4 a4 16. a3 Bxg4 17. hxg4 Nxg4 18. Qg3 Nxe3 19. Nxe3 Bxb2 20. axb4 a3 21. Ra2
cxb4 22. Nc4 Bd4+ 23. Kh1 f5 24. e5 Kg7 25. Re1 Rfd8 26. exd6 exd6 27. Re6 d5
28. Nd2 Re8 29. Rxe8 Rxe8 30. Nf3 Bc3 31. Ng5 h6 32. Nf3 Re3 33. Qh4 Qb6 34.
Kh2 Qc6 35. d4 Qc7 36. Ne5 Be1 0-1

[Event "11. Europa ch 2010 Femenino"]
[Site "Rijeka CRO"]
[Date "2010.03.15"]
[Round "9.59"]
[White "Bogumil, Tatiana"]
[Black "Nikolova, Adriana"]
[Result "1-0"]
[WhiteElo "2201"]
[BlackElo "2348"]
[PlyCount "147"]
[EventDate "2010.03.06"]
[EventType "swiss"]
[EventRounds "11"]
[EventCountry "CRO"]
[Source "lmi"]
[SourceDate "2010.03.06"]

1. f4 d5 2. e3 g6 3. d4 Bg7 4. Nf3 Nf6 5. Bd3 c5 6. c3 Ne4 7. O-O Bf5 8. Ne5
Bxe5 9. fxe5 h5 10. Bb5+ Kf8 11. Nd2 Qa5 12. Nxe4 Qxb5 13. Nxc5 b6 14. Nb3 a5
15. Nd2 Qc6 16. a4 Ra7 17. Qe2 Rc7 18. e4 dxe4 19. Re1 f6 20. Nxe4 fxe5 21.
dxe5 Nd7 22. Bf4 Nc5 23. Nxc5 Qxc5+ 24. Be3 Qc6 25. Bd4 Qe6 26. Qf2 Rc6 27. h4
Ke8 28. Be3 Rf8 29. Bh6 Rf7 30. Qe3 Qb3 31. Qd2 Rh7 32. Bg5 Qe6 33. Rad1 Rc8
34. Qd5 Kf7 35. Qf3 Rhh8 36. Rd4 Rc5 37. Bf4 Qc6 38. e6+ Bxe6 39. Rde4 Re8 40.
Bg5+ Bf5 41. Rxe7+ Rxe7 42. Rxe7+ Kg8 43. Qe3 Qd6 44. Bf4 Qf6 45. Rb7 Qe6 46.
Qxe6+ Bxe6 47. Rxb6 Kf7 48. Bg5 Rc4 49. Rb7+ Kg8 50. Bf6 Rxa4 51. Bd4 Bf5 52.
Rg7+ Kf8 53. Ra7 Bd3 54. Kf2 Ra2 55. Bc5+ Ke8 56. Ba3 Bc4 57. Ra8+ Kd7 58. Rxa5
Bf7 59. Re5 Be6 60. Re1 Bb3 61. Ke3 Ke6 62. Kd4+ Kf5 63. c4 Kg4 64. Kc3 Ba4 65.
Kb4 Bc2 66. c5 Kxh4 67. Kc3 Ba4 68. Re4+ Kg3 69. Rxa4 Ra1 70. Rc4 Re1 71. c6
Re8 72. c7 Rc8 73. Be7 Kxg2 74. b4 1-0

[Event "11. Europa ch 2010 Femenino"]
[Site "Rijeka CRO"]
[Date "2010.03.15"]
[Round "9.60"]
[White "Solic, Kristina"]
[Black "Borsuk, Angela"]
[Result "1-0"]
[WhiteElo "2192"]
[BlackElo "2338"]
[PlyCount "61"]
[EventDate "2010.03.06"]
[EventType "swiss"]
[EventRounds "11"]
[EventCountry "CRO"]
[Source "lmi"]
[SourceDate "2010.03.06"]

1. d4 Nf6 2. Nf3 e6 3. Bf4 b6 4. Nbd2 Bb7 5. e3 Be7 6. Bd3 c5 7. O-O O-O 8. e4
d5 9. e5 Ne4 10. c3 Nd7 11. Qe2 f5 12. exf6 Ndxf6 13. Be5 Nxd2 14. Nxd2 Qe8 15.
Rae1 Bc8 16. Bg3 Nh5 17. Bb5 Nxg3 18. fxg3 Rxf1+ 19. Nxf1 Qf8 20. Bc6 Rb8 21.
Bxd5 exd5 22. Qxe7 cxd4 23. cxd4 a5 24. Qe5 Ba6 25. Qxd5+ Kh8 26. Qe5 h6 27.
Qf4 Qg8 28. d5 Rd8 29. Ne3 Qe8 30. Qd4 Qf7 31. g4 1-0